000 00597nam a22001817a 4500
003 UA-OsUOA
001 17401
007 ta
008 20040225b un ||||| |||| 00| 0 ukr d
100 _aБасараба В.
942 _cSA
040 _aUA-OsUOA
_cUA-OsUOA
_dUA-OsUOA
245 _aСвідки минулих віків
_b[Нова експозиція "Давня Русь" у Рівнен. краєзн. музеї ]
300 _aС.3
955 _a0
773 0 _w0
_tВільне слово
_dРівне
_d2004
_g№15/20 лют./
650 7 _aКраєзнавча робота
_2UDC
999 _c303569
_d303569